Moderní ekonomie /
Uložené v:
| Hlavní autori: | , |
|---|---|
| Médium: | Kniha |
| Jazyk: | Czech |
| Vydavateľské údaje: |
Praha :
Economia,
1991
|
| Tagy: |
Žiadne tagy, Buďte prvý, kto otaguje tento záznam!
|
MARC
| LEADER | 00000nam a22000003a 4500 | ||
|---|---|---|---|
| 001 | stu17577 | ||
| 005 | 20150617225754.5 | ||
| 008 | 910716s1991----cs------------------cze-d | ||
| 020 | |a 80-85378-01-9 | ||
| 040 | |a STU |b slo | ||
| 041 | 0 | |a cze | |
| 044 | |a cs | ||
| 080 | |a 330 |7 stu_us_auth*stu7629 | ||
| 100 | 1 | |a Konečný, Bronislav |4 aut | |
| 245 | 1 | |a Moderní ekonomie / |c [aut.]Konečný,Bronislav, Sojka,Milan | |
| 260 | |a Praha : |b Economia, |c 1991 | ||
| 300 | |a 185 s : |b Tab.,grafy | ||
| 700 | 1 | |a Sojka, Milan |4 aut | |
| 996 | |b CB1280 |c C*B1280 |l CCXIV |s P |a 0 |w stu17577_0001 | ||
| 996 | |b CB1278 |c C*B1278 |l CCXIV |s P |a 0 |w stu17577_0002 | ||
| 996 | |b CB1279 |c C*B1279 |l CCXIV |s P |a 0 |w stu17577_0003 | ||
| 996 | |b C88749 |c C*88749 |l CCXIV |s P |a 0 |w stu17577_0004 | ||
| 996 | |b C88748 |c C*88748 |l CCXIV |s P |a 0 |w stu17577_0005 | ||